The most forgettable country per continent. - Statistics

General Stats
  • This quiz has been taken 44 times
  • The average score is 4 of 7
Answer Stats
Hint Answer Hint #2 % Correct
South America Suriname You don't need a hint.
93%
Oceania Palau Small island.
71%
Asia/Europe Cyprus People consider it either Asia or Europe but its also forgettable.
68%
North America Jamaica Island
56%
Europe Moldova East of Berlin
41%
Asia East Timor East of Iran
39%
Africa Liberia West of Sudan
34%
No matching quizzes found
Score Distribution
Percent of People with Each Score
Percentile by Number Answered
Your Score History
You have not taken this quiz